[Event "9th HDBank Open 2019"]
[Site "Ho Chi Minh City"]
[Date "2019.03.10"]
[Round "5.18"]
[White "Kulkarni, Rakesh"]
[Black "Chen, Qi B"]
[Result "1-0"]
[WhiteElo "2298"]
[BlackElo "2443"]
[Annotator "TA"]
[PlyCount "51"]
[EventDate "2019.03.07"]
[EventType "swiss"]
[EventCountry "VIE"]
[SourceTitle "playchess.com"]
[Source "ChessBase"]
[SourceQuality "1"]

{[%evp 15,51,22,31,-22,16,16,22,16,35,32,39,13,37,41,46,36,95,93,105,109,152,141,140,35,68,38,115,106,101,117,110,98,165,164,164,166,219,220]} 1. e4 c5 2. Nf3 d6 3. d4 cxd4 4. Nxd4 Nf6 5. Nc3 a6 6. h3 e6 7. g4 d5 8. exd5 Nxd5 9. Ne4 {B81: Sicilian Scheveningen: Keres Attack} ({White should try} 9. Bd2 $14) 9... Nf6 $146 ({Predecessor:} 9... Qc7 10. c3 Be7 11. Qf3 Bd7 12. Bg2 Nc6 13. Ne2 Ne5 14. Qg3 Bb5 15. Nd4 Nd3+ 16. Kf1 Nxc1+ 17. Nxb5 Qc4+ 18. Kg1 Ne2+ 19. Kh2 {0-1 (19) Rombaldoni,A (2453)-Vocaturo,D (2581) Hoogeveen 2010}) 10. Nxf6+ Qxf6 11. Bg2 {The position is equal.} Bc5 12. Be3 O-O 13. c3 Rd8 {White must now prevent ...e5.} 14. Qf3 Qxf3 15. Bxf3 Nd7 ({Black should play} 15... e5 $14 16. Nb3 Bxe3 17. fxe3 Ra7) 16. O-O-O $1 $16 Ne5 {Strongly threatening ...Bxd4.} 17. Nc6 Bxe3+ 18. fxe3 {[%cal Rd1d8]} Nxc6 19. Bxc6 $40 {[%mdl 128] Black needs to defend precisely.} (19. Rxd8+ $16 Nxd8 20. Rd1) 19... Rf8 $14 20. Bg2 Re8 (20... Ra7 $14) 21. Rd6 $16 Kf8 22. Rhd1 Rb8 23. c4 Ke7 {[#]} (23... e5 $16 {was worth a try.}) 24. c5 $1 $18 {White is clearly better.} a5 25. Rb6 Rd8 {[#]} (25... Ra8 $142 26. Bxb7 Ra7) 26. c6 $1 {Accuracy: White = 60%, Black = 37%.} 1-0

[Event "9th HDBank Open 2019"]
[Site "Ho Chi Minh City"]
[Date "2019.03.10"]
[Round "5.19"]
[White "Fenil, Shah"]
[Black "Pichot, Alan"]
[Result "1/2-1/2"]
[WhiteElo "2360"]
[BlackElo "2584"]
[Annotator "TA"]
[PlyCount "59"]
[EventDate "2019.03.07"]
[EventType "swiss"]
[EventCountry "VIE"]
[SourceTitle "playchess.com"]
[Source "ChessBase"]
[SourceQuality "1"]

{[%evp 19,59,10,27,24,15,16,28,3,50,24,33,30,16,20,41,11,11,11,11,11,11,15,18,11,11,11,11,11,11,12,11,5,5,5,38,0,0,0,48,0,0,0]} 1. e4 e5 2. Nf3 Nc6 3. Bc4 Bc5 4. O-O Nf6 5. d3 d6 6. a4 a6 {C50: Hungarian Defence and Giuoco Pianissimo} 7. c3 Ba7 (7... O-O 8. Re1 a5 9. h3 h6 10. Nbd2 Be6 11. Bb5 Na7 12. d4 Nxb5 13. axb5 exd4 14. Nxd4 Re8 15. Nf1 Bc4 16. Ng3 d5 17. e5 Ne4 18. Nxe4 dxe4 19. Rxe4 Qd5 20. Qf3 Bxd4 21. cxd4 Re6 22. Rf4 {½-½ (22) Giri,A (2783)-Anand,V (2773) Wijk aan Zee 2019}) 8. Re1 h6 9. Nbd2 {[%cal Bb1d2,Bd2f1,Bf1g3,Bg3f5][%mdl 32]} O-O 10. h3 Ne7 {LiveBook: 55 Games} 11. Nf1 Ng6 12. Ng3 c6 13. d4 {[#]} Re8 $146 ({Predecessor:} 13... exd4 14. Nxd4 Nxe4 15. Nxe4 d5 {½-½ (28) Yudin,S (2524)-Lysyj,I (2643) Khanty-Mansiysk 2016}) 14. dxe5 dxe5 15. Qxd8 Rxd8 16. a5 Ne8 17. Nf5 Nd6 18. Nxd6 Rxd6 19. Be3 Bxe3 20. Rxe3 Kf8 21. Ree1 f6 22. Rad1 Rxd1 23. Rxd1 {[#] Hoping for Rd8+.} Ke7 24. Nd2 Nf4 25. Nf1 h5 26. h4 Ng6 27. Be2 Nf4 28. Bc4 Ng6 29. Be2 Nf4 30. Bc4 {Precision: White = 60%, Black = 66%.} 1/2-1/2

[Event "9th HDBank Open 2019"]
[Site "Ho Chi Minh City"]
[Date "2019.03.10"]
[Round "5.20"]
[White "Tran, Minh Thang"]
[Black "Li, Yankai"]
[Result "1/2-1/2"]
[WhiteElo "2343"]
[BlackElo "2434"]
[Annotator "TA"]
[PlyCount "129"]
[EventDate "2019.03.07"]
[EventType "swiss"]
[EventCountry "VIE"]
[SourceTitle "playchess.com"]
[Source "ChessBase"]
[SourceQuality "1"]

{[%evp 13,129,-2,-2,-2,-2,0,4,-21,-20,-27,-14,-29,-23,-31,-34,-30,-38,-55,-34,-54,-50,-46,-18,-30,-16,-50,-52,-51,-45,-71,-71,-64,-25,-22,-22,-30,-27,-25,-29,-22,-22,-29,-29,-25,-22,-29,-8,-8,-8,-8,-8,-8,-7,-7,-6,-6,-6,-10,0,0,0,0,-8,-121,-1,-8,0,0,0,0,0,0,0,-8,-25,-446,-456,-1192,-1057,-5405,-5720,-1901,-2016,-29952,-6520,-29959,-29959,-29963,-29964,-29959,-5104,-29964,-29966,-29964,-29965,-2291,-8,-8,-8,-8,-8,-8,0,-10,-8,-8,0,0,0,0,0,0,0,0,0,0,0,0]} 1. Nf3 c5 2. c4 Nc6 3. Nc3 e5 4. g3 g6 5. Bg2 Bg7 6. O-O Nge7 7. b3 O-O 8. Bb2 {A37: Symmetrical English vs ...g6: 4 Bg2 Bg7 5 Nf3} d6 9. d3 Rb8 (9... Bf5 10. a3 Qd7 11. Re1 Bh3 {½-½ (48) Andreikin,D (2712)-Grischuk,A (2767) Moscow 2018}) 10. Nd2 Be6 11. Rb1 $146 ({Predecessor:} 11. a3 a6 12. Nd5 b5 13. e3 Qd7 14. f4 Bh3 15. Ne4 Nxd5 16. Bxh3 Qxh3 17. cxd5 {½-½ (77) Salles,L (2247)-Holm,K (2474) Oslo 2018}) 11... d5 12. cxd5 Nxd5 13. Nde4 b6 14. Ng5 Qxg5 15. Nxd5 Qd8 16. Nf4 Bd7 17. Nd5 Nd4 18. Qd2 Be6 19. Bxd4 exd4 20. Nf4 Bf5 21. Rfc1 a5 22. a3 Bh6 23. b4 $1 axb4 24. axb4 Qd6 25. Rc2 Rfc8 {Hoping for ...c4!} 26. bxc5 Rxc5 27. Rxc5 bxc5 28. Rxb8+ Qxb8 29. Bd5 Kg7 30. Kg2 Qe5 31. Bf3 Qd6 32. Qc1 Bxf4 (32... Kg8 {is more complex.} 33. h4 Be6 34. Kf1 Bh3+ 35. Kg1 Kg7) 33. Qxf4 Qxf4 34. gxf4 $11 {[%mdl 4096] Endgame KB-KB} Kf6 35. Kg3 Ke7 36. Kh4 f6 37. Kg3 Be6 38. Be4 (38. h4 $11 {remains equal.}) 38... Bb3 (38... f5 $1 $17 {[%cal Rf5e4]} 39. Bf3 Kf6) 39. h4 c4 40. dxc4 Bxc4 41. Kf3 $1 Ke6 42. Bc2 f5 43. Bd1 Kd5 44. Bc2 $2 {[%mdl 8192]} (44. h5 $11 {and White has nothing to worry.}) 44... Kc5 $19 45. h5 {[#]} (45. Ba4 $142 Kb4 46. Be8) 45... Kb4 $1 {[%cal Rb4c3]} 46. h6 Kc3 47. Ba4 {[#]} Kd2 $1 48. e3 d3 49. e4 fxe4+ 50. Kxe4 Ke2 51. Kd4 Ba6 52. f5 gxf5 53. f4 d2 54. Ke5 Ke3 $2 (54... Bd3 $19 55. Kf6 Kf3) 55. Kxf5 $11 {[#]The position is equal.} Bb5 $1 {[%mdl 512]} 56. Bb3 {[#]} (56. Bxb5 d1=Q) 56... Bc4 $1 {[%mdl 512]} 57. Ba4 {[#]} (57. Bxc4 d1=Q) 57... Bb5 $1 {[%mdl 512]} 58. Bb3 (58. Bxb5 d1=Q) 58... Be2 59. Ke5 $1 d1=Q 60. Bxd1 Bxd1 61. f5 Kf3 62. f6 {Strongly threatening f7.} Bb3 {...Kg4 is the strong threat.} 63. Kd6 $1 Kf4 {aiming for ...Kg5.} (63... Kg4 $5 64. Ke7 $8 Kg5 $11) 64. Ke7 Kg5 65. f7 {Accuracy: White = 46%, Black = 63%.} 1/2-1/2

[Event "9th HDBank Open 2019"]
[Site "Ho Chi Minh City"]
[Date "2019.03.10"]
[Round "5.21"]
[White "Zhao, Yuanhe"]
[Black "Huang, Renjie"]
[Result "1-0"]
[WhiteElo "2431"]
[BlackElo "2335"]
[Annotator "TA"]
[PlyCount "187"]
[EventDate "2019.03.07"]
[EventType "swiss"]
[EventCountry "VIE"]
[SourceTitle "playchess.com"]
[Source "ChessBase"]
[SourceQuality "1"]

{[%evp 9,186,0,40,20,52,47,72,29,29,37,56,40,49,38,54,48,64,48,70,0,16,12,19,17,17,18,16,17,50,25,137,136,123,131,126,118,139,119,138,133,145,87,307,316,411,390,397,198,204,197,207,80,161,90,97,106,88,93,151,153,175,167,175,175,175,176,172,172,183,174,173,172,166,165,171,134,157,80,86,41,40,20,40,0,0,0,0,0,0,0,0,0,0,0,0,0,61,55,56,56,122,85,210,210,213,213,345,345,342,337,374,372,370,365,341,334,372,346,421,420,574,359,678,560,1174,956,12841,12841,7191,2886,1636,1464,5587,5583,5417,5387,4886,4318,1491,1411,12843,12844,12845,1155,1125,1125,942,837,12825,12832,12840,12840,12745,2357,1810,1760,29945,29943,6685,6677,11230,1665,29962,29948,29978,29961,29960,10396,29960,29964,4926,29980,29984,29984,29986,29987,29987,29988,29999]} 1. Nf3 Nf6 2. c4 c6 3. g3 d5 4. Bg2 dxc4 5. O-O g6 6. Na3 {A11: English Opening: 1...c6} Bg7 7. Nxc4 O-O 8. d3 {White is better.} (8. b3 Nbd7 9. Bb2 Nb6 10. Qc1 Nxc4 11. bxc4 Bg4 12. h3 Bxf3 13. Bxf3 Qc7 {0-1 (56) Aronian,L (2785)-Malakhov,V (2713) Doha 2016}) 8... Be6 9. Qc2 Nbd7 10. Bd2 Bxc4 11. Qxc4 e5 $146 ({Predecessor:} 11... Rc8 12. b4 e5 13. Rac1 Nb6 {1-0 (34) Kovacevic,B (2480)-Handler,L (2301) Oberwart 2011}) 12. b4 Nb6 13. Qc2 $1 Re8 14. Bg5 (14. e4 $1 $14) 14... h6 15. Bxf6 $1 Qxf6 16. Rab1 Rac8 17. Rfc1 Qe6 18. Nd2 Nd7 19. b5 Nb8 (19... cxb5 $1 $11 {remains equal.} 20. Qxc8 Rxc8 21. Rxc8+ Nf8) 20. Qa4 $1 $16 cxb5 21. Qxa7 Nc6 22. Qxb7 {[%cal Rc1c6][%mdl 64] Double Attack} Nd4 23. Bd5 $1 {[%cal Rd5e6]} Qf5 24. Rxc8 Rxc8 25. e3 (25. Bxf7+ $142 Kh7 26. Nf3 Nxe2+ 27. Kg2) 25... Ne2+ $2 (25... Rc2 $16 {was necessary.}) 26. Kg2 $18 Rc2 27. Ne4 Nc3 {[#]} 28. Rf1 (28. Rc1 $142 $3 {[%mdl 512]} Rxc1 29. Nd6 Nxd5 30. Nxf5 gxf5 31. Qa8+ (31. Qxb5 Nc7 $16) 31... Bf8 32. Qxd5 {[%mdl 64] Double Attack}) 28... Nxd5 29. Qxd5 h5 30. Qd8+ (30. Qxb5 $18 {Hoping for Qd5.} Rxa2 31. Rc1) 30... Kh7 (30... Bf8 $16) 31. Ng5+ (31. Kg1 $18) 31... Kh6 $16 32. h4 f6 33. Ne4 Rxa2 ({Better is} 33... Qe6) 34. Rc1 $36 {[%mdl 2048] Qe7 is the strong threat. White is in control.} Ra7 35. Qb6 Qd7 36. Nxf6 Qb7+ 37. Qxb7 Rxb7 $18 {[%mdl 4096] Endgame KRB-KRN} 38. Ne4 b4 39. Rb1 Bf8 40. Kf3 Kg7 41. Ke2 Kf7 42. Kd2 Ra7 43. Kc2 (43. Rc1 $142) 43... Ke6 44. Kb2 Ra3 45. Rd1 Kd5 46. f3 Be7 47. g4 Bxh4 48. g5 Ke6 49. Rh1 Kf5 50. Rxh4 {Strongly threatening Nf2.} Rxd3 $11 {KRN-KR} 51. Ng3+ {[%mdl 64] Discovered Attack} Kxg5 52. Re4 h4 (52... Rd2+ $11 53. Kb3 Rg2) 53. Rg4+ $14 Kf6 54. Ne4+ ({But not} 54. Rxh4 $6 Rxe3 55. Ne4+ (55. Rxb4 Rxf3 56. Rb6+ Kg5 $16) 55... Kf5 $18) 54... Kf7 (54... Kg7 $1 $14) 55. Rxh4 {Black must now prevent Rh7+.} Rxe3 {[#]} (55... Kg7 $16 56. Rg4 Rxe3) 56. Nd2 $1 $18 Rd3 {[#]} 57. Kc2 $1 {[%cal Rc2d3]} Rc3+ (57... Rd4 {keeps fighting.} 58. Rxd4 exd4) 58. Kd1 b3 59. Rb4 Re3 60. Nc4 Rc3 61. Kd2 Rc2+ 62. Kd3 Rf2 63. Ke3 Rc2 64. Nxe5+ Ke6 65. Nd3 g5 $2 (65... b2 66. Rb6+ Kf5 67. Rb5+ Kf6 68. Rb6+ Kf5 69. Rb5+ Kf6 70. Rb6+ Kf5) 66. Rxb3 Kf5 67. Nf2 Ra2 68. Rb5+ Kg6 69. Ng4 Kh5 70. Rd5 Kh4 71. Rd2 Ra4 72. Kf2 Kh3 73. Ne3 Rb4 74. Ra2 Rb3 75. Rc2 {White wants to mate with Rc7.} Kh4 76. Ng4 Kh3 77. Ne5 Rb5 78. Re2 Kh4 79. Kg2 Ra5 80. Re4+ Kh5 81. Ng4 {White threatens Re6 and mate.} Ra2+ 82. Kg3 {Intending Re6 and mate.} Ra6 83. Re5 Kg6 84. Nf2 Ra1 85. Nh3 Kh6 86. Rxg5 Rf1 87. Ra5 Rb1 88. Kg4 Rb4+ 89. f4 Rb6 90. f5 Rc6 {White mates.} 91. Re5 Rc2 92. Nf4 Rc1 93. f6 {[%csl Gf4,Gg4][%cal Re5h5]} Rc6 94. Rh5# {Accuracy: White = 60%, Black = 37%.} 1-0

[Event "9th HDBank Open 2019"]
[Site "Ho Chi Minh City"]
[Date "2019.03.10"]
[Round "5.22"]
[White "Shyaamnikhil P"]
[Black "Bao, Khoa"]
[Result "1-0"]
[WhiteElo "2429"]
[BlackElo "2277"]
[Annotator "TA"]
[PlyCount "65"]
[EventDate "2019.03.07"]
[EventType "swiss"]
[EventCountry "VIE"]
[SourceTitle "playchess.com"]
[Source "ChessBase"]
[SourceQuality "1"]

{[%evp 12,65,39,8,16,39,66,34,45,13,66,62,80,78,81,74,72,68,101,81,77,67,104,114,129,82,156,162,189,187,179,171,163,168,181,161,225,225,236,220,222,220,335,290,362,360,492,489,452,300,296,301,339,331,358,339]} 1. e4 c5 2. Nf3 d6 3. d4 cxd4 4. Nxd4 Nf6 5. Nc3 a6 6. h3 e5 7. Nb3 b5 {B90: Sicilian Najdorf: Unusual White 6th moves, 6 Be3 Ng4 and 6 Be3 e5} (7... Be6 8. f4 exf4 9. Bxf4 Nc6 10. Qe2 Be7 11. O-O-O Qc7 12. g4 O-O 13. g5 Nd7 14. Qe3 Rac8 15. Kb1 {1-0 (60) Van Foreest,J (2612)-Nepomniachtchi,I (2763) Wijk aan Zee 2019}) 8. Bg5 Be7 9. a4 (9. Bxf6 $5 Bxf6 10. a4 $14) 9... b4 {White is slightly better.} 10. Bxf6 Bxf6 (10... bxc3 $11 11. Bxe7 (11. Bxg7 Rg8 $11) 11... Kxe7) 11. Nd5 $14 Nc6 $146 ({Predecessor:} 11... Bb7 12. Bc4 Bg5 13. O-O O-O 14. a5 Nd7 15. Ra4 Bxd5 16. Bxd5 {½-½ (65) Paramzina,A (2303)-Obolentseva,A (2113) St Petersburg 2015}) 12. a5 Be6 13. Bc4 ({Much worse is} 13. Nxf6+ $6 gxf6 14. Qf3 Rg8 $11) 13... O-O 14. Qd3 Ra7 15. O-O ({Reject} 15. Bxa6 Bxd5 16. exd5 e4 $17) 15... Bxd5 16. Bxd5 Qc7 17. Ra4 Rb8 18. c3 Rb5 ({Black should try} 18... Qd7) 19. Qc4 Ne7 20. Bxf7+ Kf8 21. Qe6 bxc3 22. bxc3 Rb8 23. Rb4 $40 {[%mdl 128] White attacks with force.} Nc6 {[#]} (23... Rxb4 $142 24. cxb4 Qc8 25. Qxc8+ Nxc8) 24. Rxb8+ $1 $18 Qxb8 25. Bh5 Re7 26. Qd5 Rb7 (26... Na7 $142 27. Be2 Qb7) 27. Nd2 Nd8 28. Be2 Qc7 29. Bxa6 Ra7 30. Bb5 Qxa5 31. Qxd6+ Be7 32. Qxe5 Rb7 33. Rb1 {Accuracy: White = 69%, Black = 47%.} 1-0

[Event "9th HDBank Open 2019"]
[Site "Ho Chi Minh City"]
[Date "2019.03.10"]
[Round "5.23"]
[White "Miciano, John Marvin"]
[Black "Nguyen, Van Huy"]
[Result "1-0"]
[WhiteElo "2317"]
[BlackElo "2428"]
[Annotator "TA"]
[PlyCount "65"]
[EventDate "2019.03.07"]
[EventType "swiss"]
[EventCountry "VIE"]
[SourceTitle "playchess.com"]
[Source "ChessBase"]
[SourceQuality "1"]

{[%evp 24,65,15,6,37,0,0,0,-14,-70,-60,-143,-35,-7,-26,-45,50,27,35,34,40,30,247,189,266,281,269,267,280,205,276,83,427,412,503,502,513,491,29992,29992,29992,29990,29993,29994]} 1. e4 c6 2. d4 d5 3. Nd2 dxe4 4. Nxe4 Bf5 5. Ng3 Bg6 6. Nf3 Nd7 7. h4 h6 8. h5 Bh7 9. Bd3 Bxd3 10. Qxd3 e6 11. Bd2 Ngf6 12. O-O-O Be7 13. Ne4 Qb6 {B19: Classical Caro-Kann: 4...Bf5 main line} (13... Nxe4 14. Qxe4 Nf6 15. Qe2 Qd5 16. Kb1 Qe4 17. Qxe4 Nxe4 {½-½ (17) Bacallao Alonso,Y (2582)-Iturrizaga Bonelli,E (2628) Buenos Aires 2018}) 14. Kb1 Rd8 15. g4 Nxg4 {The position is equal.} 16. Rdg1 $146 (16. Rhg1 $1 $11 f5 17. Rde1) ({Predecessor:} 16. Rhg1 f5 17. Rxg4 fxg4 18. Nd6+ Bxd6 19. Qg6+ Kf8 20. Qxe6 Be7 21. Qf5+ {0-1 (35) Nozdrachev,V (2486)-Gaifullin,A (2448) St Petersburg 2018}) 16... f5 $15 17. Neg5 (17. Ng3 $15 c5 18. Qe2) 17... hxg5 {[#]} (17... Nxf2 $17 18. Qe3 hxg5 19. Qxf2 g4) 18. Rxg4 $1 {[%mdl 512]} Qa6 {White must now prevent ...Qxd3.} (18... fxg4 $2 19. Qg6+ Kf8 20. h6 $19) 19. c4 $1 Bf6 ({Black should play} 19... Nb6 $15 20. Ne5 Nxc4 21. Nxc4 fxg4 22. Qg6+ {[%mdl 64] Double Attack} Kd7) 20. Rxg5 Nc5 $1 {[%cal Rc5d3]} 21. Qe2 $1 Ne4 $1 22. Rg6 Kf7 $2 (22... c5 $11) 23. Be3 Qb6 {[#]} (23... Rh7 {might work better.} 24. Rhg1 c5) 24. Ka1 $1 $18 c5 {[%cal Rc5d4] [#]} 25. Ne5+ $1 Ke7 26. dxc5 Qb4 27. f3 $2 (27. Rxf6 $18 Kxf6 28. Rg1) 27... Nc3 $2 {[%mdl 8192]} (27... Rxh5 $16 28. Rhg1 (28. Rxh5 $2 {loses.} Bxe5 29. Bc1 Rd2 $19) 28... Nxc5) 28. Qh2 {Hoping for Rxf6.} Nd1 29. Bc1 {aiming for Rxf6!} Qxc5 {[#]} 30. Rxf6 $1 {[%mdl 576] Remove Defender} Kxf6 (30... gxf6 $18 31. Ng6+ {[%mdl 64] Double Attack} Ke8) 31. Qh4+ {White mates.} Kxe5 32. Bf4+ Kd4 33. Bd6+ {Accuracy: White = 52%, Black = 31%.} 1-0

[Event "9th HDBank Open 2019"]
[Site "Ho Chi Minh City"]
[Date "2019.03.10"]
[Round "5.24"]
[White "Liu, Xiangyi"]
[Black "Quizon, Daniel"]
[Result "0-1"]
[WhiteElo "2427"]
[BlackElo "2268"]
[Annotator "TA"]
[PlyCount "114"]
[EventDate "2019.03.07"]
[EventType "swiss"]
[EventCountry "VIE"]
[SourceTitle "playchess.com"]
[Source "ChessBase"]
[SourceQuality "1"]

{[%evp 9,114,17,64,60,63,43,49,53,65,60,70,58,46,27,21,20,55,54,57,32,32,32,32,35,37,18,41,39,58,29,25,46,37,35,37,26,35,13,154,134,107,110,269,163,364,158,112,75,77,0,41,23,18,-1,0,-38,0,-8,0,-43,0,0,0,-200,-186,-178,-163,-210,-158,-176,-131,-134,-95,-213,-201,-206,-106,-189,-205,-203,0,-96,-100,-553,-568,-774,-754,-743,-765,-710,-702,-687,-675,-717,-637,-677,-379,-371,-320,-2118,-1811,-29964,-29965,-12271,-11521,-5285,-5081]} 1. e4 c5 2. Nf3 e6 3. g3 d6 (3... d5 4. exd5 exd5 5. d4 Nf6 6. Bg2 Be7 7. O-O O-O 8. dxc5 Bxc5 9. Nc3 Nc6 10. a3 Re8 11. b4 Bb6 12. Bg5 d4 13. Bxf6 Qxf6 14. Nd5 Qd8 15. Nd2 Be6 16. Nf4 Bf5 17. Nd3 Qc7 {1-0 (33) Zvjaginsev,V (2642)-Rublevsky,S (2652) Tula 2019}) 4. Bg2 Nf6 5. Qe2 Nbd7 6. O-O {B40: Sicilian: 2...e6, Unusual lines} Be7 7. c3 O-O 8. d4 {White is slightly better.} e5 $146 ({Predecessor:} 8... Qc7 9. e5 dxe5 10. dxe5 Nd5 11. c4 {1-0 (27) Markidis,K (2370)-Hararis,G (1901) Achaia 2017}) 9. Rd1 Qc7 10. Na3 a6 11. Nc4 b5 12. Ne3 Bb7 13. Nf5 Rfe8 14. dxe5 dxe5 15. Nxe7+ Rxe7 16. Nh4 c4 17. Bg5 Rae8 18. Bh3 h6 19. Rxd7 $1 Nxd7 20. Bxe7 Rxe7 21. Nf5 Re6 22. Qg4 {[%csl Gf5][%cal Rg4g7]} g5 23. Qh5 Qc6 (23... Qb6 $11) 24. Bg2 $1 $16 Kf8 25. h4 Rf6 $2 (25... Rg6 $16) 26. Qg4 {And now Rd1 would win.} gxh4 $2 (26... Rg6 {was worth a try.} 27. Rd1 Nf6 28. Rd8+ Ne8 29. hxg5 Rxg5) 27. Qg7+ $2 (27. Rd1 $1 $18 {[%cal Rd1d7]} Rxf5 28. Qxf5) 27... Ke8 {...Rxf5! is the strong threat.} 28. Nxh4 Nc5 29. Qg4 ({Better is} 29. Rd1 $16 {Qg8+ would kill now.} Nd3 {[%mdl 64] Double Attack} 30. Qg8+ Ke7 31. Rd2) 29... Kd8 30. Re1 Kc7 31. Re2 Kb6 32. Bf3 Ka7 33. Kg2 Nd3 34. Qg8 Qb6 35. Qe8 Qc7 36. a4 $2 {[#]} (36. Qf8 $11 {and White stays safe.}) 36... Re6 $1 $19 {[%cal Re6e8]} 37. Qf8 bxa4 38. Nf5 Rg6 {White must now prevent ...Nf4+.} 39. Kh2 Rf6 {Hoping for ...Rxf5!} 40. Bg2 h5 41. Kg1 {[#]} (41. Rd2 $17) 41... h4 $1 {[%mdl 512]} 42. Nxh4 Qc6 (42... Qd6 $19 43. Qe8 Qb6) 43. Qe7 (43. Bf1 $17) 43... Qd6 44. Qe8 Qc6 ({But not} 44... a3 45. bxa3 Qxa3 46. Bf1 $17) (44... Nc1 $19 {is more deadly.} 45. Re3 Qd1+ 46. Kh2 Rxf2) 45. Qe7 $17 {[#]} Qe6 $1 $36 {[%cal Re6e7][%mdl 2048] Keeping White busy.} 46. Qd8 $2 {[%mdl 8192]} (46. Qf8 $17 {is more resistant.}) 46... Qb6 $19 47. Qd7 Rxf2 48. Rxf2 Qxf2+ 49. Kh2 Qxb2 {aiming for ...a3.} 50. Qxa4 Qxc3 51. Nf5 Qb4 52. Qd7 Qc5 53. Nd6 {[%csl Gd6][%cal Rd7b7]} Qc6 54. Qd8 $2 (54. Qxc6 Bxc6 55. Nxc4) 54... c3 55. Nxb7 Kxb7 56. Qxd3 c2 57. Qb3+ Ka8 {Accuracy: White = 35%, Black = 52%.} 0-1

[Event "9th HDBank Open 2019"]
[Site "Ho Chi Minh City"]
[Date "2019.03.10"]
[Round "5.25"]
[White "Le, Quang Long"]
[Black "Divya Deshmukh"]
[Result "1-0"]
[WhiteElo "2412"]
[BlackElo "2266"]
[Annotator "TA"]
[PlyCount "61"]
[EventDate "2019.03.07"]
[EventType "swiss"]
[EventCountry "VIE"]
[SourceTitle "playchess.com"]
[Source "ChessBase"]
[SourceQuality "1"]

{[%evp 21,61,39,65,54,109,100,148,149,144,148,167,150,150,144,176,177,233,210,248,226,330,334,328,322,316,320,318,312,396,392,585,578,571,548,1103,1080,1136,1128,1076,984,29981,5519]} 1. Nf3 Nf6 2. c4 e6 3. g3 b6 4. Bg2 Bb7 5. O-O Be7 6. d4 O-O 7. d5 exd5 8. Nh4 Ne4 9. cxd5 Nd6 {E17: Queen's Indian: 4 g3 Bb7 5 Bg2 Be7} 10. Nf3 Bf6 11. Nc3 Na6 {LiveBook: 5 Games. White is slightly better.} 12. Bf4 Nc4 $146 (12... Bxc3 $14 13. bxc3 Qf6) ({Predecessor:} 12... Bxc3 13. bxc3 Nc5 14. Qc2 Qf6 15. Nd4 Rfe8 16. Rfe1 Ba6 17. Rad1 {1-0 (46) Artemiev,V (2595)-Belous,V (2569) Moscow 2014}) 13. Rc1 $16 Qe7 14. b3 {[%cal Bb2b3,Bb3b4][%mdl 32]} Nd6 15. Nd4 Bxd4 16. Qxd4 f5 17. h4 Rae8 18. Rfd1 {[%cal Bf1d1,Bd1d4,Bd4f4][%mdl 32]} Ba8 (18... h6 {keeps fighting.} 19. e3 Rc8) 19. b4 $18 Rf7 20. a3 Ne4 (20... Bb7 $142 21. e3 Ra8) 21. Nxe4 fxe4 22. Qc4 Bb7 23. Rd4 e3 24. Bxe3 Qf8 25. h5 {[%cal Bh4h5,Bh5h6][%mdl 32]} Nb8 (25... d6 {might work better.} 26. Bh3 Rf6) 26. h6 g6 27. Rf4 b5 28. Qxc7 d6 29. Rxf7 Qxf7 30. Qxd6 Qf5 31. Rc7 {Precision: White = 85%, Black = 14%.} 1-0

[Event "9th HDBank Open 2019"]
[Site "Ho Chi Minh City"]
[Date "2019.03.10"]
[Round "5.26"]
[White "Cao, Sang"]
[Black "Le, Huu Thai"]
[Result "1-0"]
[WhiteElo "2385"]
[BlackElo "2265"]
[Annotator "TA"]
[PlyCount "69"]
[EventDate "2019.03.07"]
[EventType "swiss"]
[EventCountry "VIE"]
[SourceTitle "playchess.com"]
[Source "ChessBase"]
[SourceQuality "1"]

{[%evp 17,69,25,31,27,22,20,14,10,65,0,78,85,75,72,77,74,91,62,83,99,107,114,114,114,97,112,89,8,88,96,88,100,98,93,131,130,197,205,188,193,196,187,185,193,201,35,47,39,76,62,814,814,713,471]} 1. e4 e5 2. Nf3 Nc6 3. Bb5 Nf6 4. O-O Nxe4 5. d4 Nd6 6. Bxc6 dxc6 7. dxe5 Nf5 8. Qxd8+ Kxd8 9. Nc3 h5 {LiveBook: 4 Games. C67: Ruy Lopez: Berlin Defence: 4 0-0 Nxe4} (9... Ke8 10. h3 h5 11. Bg5 Be6 12. Rad1 Be7 13. Rfe1 Rd8 14. Rxd8+ Kxd8 15. b3 Ke8 16. Rd1 h4 17. Kf1 Rh5 18. Bc1 {½-½ (32) Anand,V (2773)-Nakamura,H (2746) Kolkata 2018}) 10. Ne4 Ke8 11. Re1 Be6 $146 {The position is equal.} ({Predecessor:} 11... Be7 12. Bf4 Be6 13. Rad1 Rd8 14. Rxd8+ Kxd8 15. Nfg5 Ke8 16. Rd1 Rh6 17. b3 {1-0 (41) Szelag,M (2476)-Faibisovich,V (2432) Krakow 2005}) 12. Neg5 Bc5 (12... Rd8 $11) 13. c3 (13. Nxe6 $14 fxe6 14. c3) 13... a5 (13... Bd5 $11) 14. Nxe6 $16 fxe6 15. Ng5 Ke7 16. Ne4 Bb6 17. Bg5+ Ke8 18. a4 Rf8 19. Rad1 Ne7 20. Be3 $1 Bxe3 21. Rxe3 ({Reject} 21. fxe3 $6 Rf5 $11) 21... Nd5 22. Red3 ({White should try} 22. Rg3 $16) 22... b5 (22... Rf5 $1 $11 {remains equal.}) 23. Nc5 $36 {[%mdl 2048] White is on the roll.} Ke7 {[#]} 24. Rg3 $1 {[%cal Rg3g7]} Rf7 25. Rg5 Rh8 26. g3 Rh6 (26... Nb6 $16) 27. Nb3 bxa4 28. Nxa5 Ke8 29. Nxc6 Rd7 30. Rd4 Nb6 {[#]} 31. g4 $2 (31. Rf4 $1 $18) 31... Rxd4 $14 32. Nxd4 Nc4 33. Rxg7 {Strongly threatening g5.} Nxb2 $2 {[%mdl 8192]} (33... hxg4 $14 34. Rxc7 (34. Rxg4 Nxb2 35. Rg8+ Kd7 $14) 34... Nxb2) 34. g5 $18 Rh8 35. Rxc7 {Precision: White = 62%, Black = 34%.} 1-0